Pod žabí prdelí /

Hlavní autor: Fischer, Tibor, 1959-
Další autoři: Manďák, Jindřich, 1947-
Jazyk: Čeština
Vydáno: Praha : Volvox Globator, 2001
Vydání: Vyd. 1.
Edice: Medusa (Volvox Globator)
Témata:
Externí odkaz: Digitalizovaný dokument
Fyzický popis: 209 s. ; 22 cm
Knihy
Uloženo v:
LEADER 01305nam a2200361 a 4500
001 000588452
003 CZ BrMZK
005 20080123062324.0
007 ta
008 020225s2001 xr e 000 f cze d
015 |a cnb000890400 
020 |a 80-7207-398-2 
035 |a (OCoLC)51188441 
040 |a BOA001  |c ze  |d BOA001 
041 1 |a cze  |h eng 
072 7 |a 821.111-3  |x Anglická próza, anglicky psaná  |2 Konspekt  |9 25 
080 |a 821.111-31  |2 MRF 
080 |a (0:82-311.6)  |2 MRF 
100 1 |a Fischer, Tibor,  |d 1959-  |7 jn19990009553  |4 aut 
245 1 0 |a Pod žabí prdelí /  |c Tibor Fischer ; [z anglického originálu přeložil Jindřich Manďák] 
250 |a Vyd. 1. 
260 |a Praha :  |b Volvox Globator,  |c 2001 
300 |a 209 s. ;  |c 22 cm 
490 1 |a Medusa 
655 7 |a anglické romány  |7 fd131814  |2 czenas 
655 7 |a politické romány  |7 fd133064  |2 czenas 
700 1 |a Manďák, Jindřich,  |d 1947-  |7 jn20001227085  |4 trl 
765 0 |t Under the frog  |9 Česky 
830 0 |a Medusa (Volvox Globator)  |0 s 
856 4 1 |u http://www.digitalniknihovna.cz/mzk/uuid/uuid:94f572c0-920d-11e2-9a9f-005056827e51  |y Digitalizovaný dokument  |x NDK 
910 |a BOA001  |b 2-1098.709 
990 |a BK 
996 6 |b 2610154057  |c 2-1098.709  |l MZK  |r Sklad / do 1 hodiny  |n 1  |p p.v.  |w 000588452  |u 000010  |a 1  |e BOA001  |j MZK50  |s P